| 000 | 01189cam a22003134a 4500 | ||
|---|---|---|---|
| 001 | 12861041 | ||
| 003 | OSt | ||
| 005 | 20150408113725.0 | ||
| 008 | 020719s2003 moua 001 0 eng | ||
| 010 | _a 2002029507 | ||
| 020 | _a0323016286 | ||
| 040 |
_aDLC _cDLC _dDLC |
||
| 042 | _apcc | ||
| 050 | 0 | 0 |
_aQP34.5 _b.T49 2003 |
| 082 | 0 | 0 |
_a612 _221 |
| 100 | 1 |
_aThibodeau, Gary A., _d1938- _95282 |
|
| 245 | 1 | 0 |
_aAnatomy & physiology / _cGary A. Thibodeau, Kevin T. Patton. |
| 246 | 3 | _aAnatomy and physiology | |
| 250 | _a5th ed. | ||
| 260 |
_aSt. Louis, Mo. : _bMosby, _cc2003. |
||
| 300 |
_axxix, 1106 p. : _bill. (some col.) ; _c29 cm. + _e1 CD-ROM (4 3/4 in.) |
||
| 500 | _aIncludes index. | ||
| 538 | _aa Systems requirement for accompanying CD-ROM: Windows 95, Pentium megahertz processor, 16M RAM, 16-bit color, 2x CD. Recommended: Windows 95, 98, NT 4.0, 2000, or XP; Pentium 2 processor, 64Mb RAM, 16x CD, 17" monitor. | ||
| 650 | 0 |
_aHuman physiology. _94303 |
|
| 650 | 0 |
_aHuman anatomy. _95283 |
|
| 700 | 1 |
_aPatton, Kevin T. _95284 |
|
| 942 |
_2ddc _cBOOK |
||
| 999 |
_c1025 _d235525 |
||